German Football League (GFL) teams - Statistics

General Stats
  • This quiz has been taken 17 times
    9 since last reset
  • The average score is 7 of 16
Answer Stats
Answer % Correct
Dresden Monarchs
67%
Munich Cowboys
67%
Schwäbisch Hall Unicorns
67%
Allgäu Comets
56%
Berlin Rebels
56%
New Yorker Lions
56%
Potsdam Royals
56%
Cologne Crocodiles
44%
Hildesheim Invaders
44%
Kiel Baltic Hurricanes
44%
Ravensburg Razorbacks
44%
Stuttgart Scorpions
44%
Frankfurt Universe
33%
Ingolstadt Dukes
33%
Marburg Mercenaries
22%
Elmshorn Fighting Pirates
0%
No matching quizzes found
Score Distribution
Percent of People with Each Score
Percentile by Number Answered
Your Score History
You have not taken this quiz since the last reset